Notes from Gandhigram : (Record no. 33596)

MARC details
000 -LEADER
fixed length control field 02673nam a22003855a 4500
005 - DATE AND TIME OF LATEST TRANSACTION
control field 20080522115808.0
008 - FIXED-LENGTH DATA ELEMENTS--GENERAL INFORMATION
fixed length control field 080520s2008 nyu 000 0 eng
010 ## - LCCN (DPL NO)
LC control number ENG-95822 B-446356-362
020 ## - INTERNATIONAL STANDARD BOOK NUMBER
International Standard Book Number 9788125036883
Terms of availability 675.00
035 ## - SYSTEM CONTROL NUMBER
System control number EN-79355 B-446356-362
037 ## - SOURCE OF ACQUISITION
Source of stock number/acquisition DBAD/PUB
040 ## - CATALOGING SOURCE
Original cataloging agency DPL
Language of cataloging Eng
082 ## - DEWEY DECIMAL CLASSIFICATION NUMBER
Classification number 361.95482
100 ## - MAIN ENTRY--PERSONAL NAME
Personal name Banerjee, Samir
9 (RLIN) 16237
245 ## - TITLE STATEMENT
Title Notes from Gandhigram :
Statement of responsibility, etc by Samir Banerjee
Remainder of title challenges to Gandhian praxis /
260 ## - PUBLICATION, DISTRIBUTION, ETC. (IMPRINT)
Place of publication, distribution, etc New Delhi
Name of publisher, distributor, etc Orient Blackswan
Date of publication, distribution, etc 2009
270 ## - ADDRESS
Address 1/24, Asaf Ali Road,
City New Delhi
Postal code 110002
300 ## - PHYSICAL DESCRIPTION
Extent xi, 252p.
Dimensions 23cm (Hb)
490 ## - SERIES STATEMENT
Series statement Gandhi studies.
-- 43314
500 ## - GENERAL NOTE
General note Includes bibliographical references and Index
610 ## - SUBJECT ADDED ENTRY--CORPORATE NAME
Corporate name or jurisdiction name as entry element Gandhigram Trust (Dindigul, India)
9 (RLIN) 16239
650 ## - SUBJECT ADDED ENTRY--TOPICAL TERM
Topical term or geographic name as entry element Social service
Geographic subdivision India
-- Gandhigram
9 (RLIN) 16240
650 ## - SUBJECT ADDED ENTRY--TOPICAL TERM
Topical term or geographic name as entry element Education
Geographic subdivision India
-- Gandhigram
9 (RLIN) 16241
942 ## - ADDED ENTRY ELEMENTS (KOHA)
Source of classification or shelving scheme Dewey Decimal Classification
Item type English Books
Call number suffix BAN
Classification part 361.95482
Holdings
Withdrawn status Lost status Source of classification or shelving scheme Damaged status Not for loan Collection code Home library Current library Date acquired Source of acquisition Cost, normal purchase price Total Checkouts Full call number Barcode Date last seen Copy number Cost, replacement price Koha item type
    Dewey Decimal Classification     Non-fiction Central Library Central Library 02/03/2012 Blueberry Books/7045/29.09.2011/06/15.09.2011/9.11.11 675.00   361.95482 BAN B-446356 02/03/2012 1 675.00 English Books
    Dewey Decimal Classification   Not For Loan Non-fiction D.B.Act.Division D.B.Act.Division 11/01/2010 DBAD/PUB 675.00   361.95482 BAN EN-79355 11/01/2010 1 675.00 English Books
    Dewey Decimal Classification     Non-fiction Janak Puri Janak Puri 02/03/2012 Blueberry Books/7045/29.09.2011/06/15.09.2011/9.11.11 675.00 2 361.95482 BAN B-446358 23/01/2021 1 675.00 English Books
    Dewey Decimal Classification     Non-fiction Karol Bagh Karol Bagh 02/03/2012 Blueberry Books/7045/29.09.2011/06/15.09.2011/9.11.11 675.00   361.95482 BAN B-446361 02/03/2012 1 675.00 English Books
    Dewey Decimal Classification     Non-fiction Patel Nagar Patel Nagar 02/03/2012 Blueberry Books/7045/29.09.2011/06/15.09.2011/9.11.11 675.00   361.95482 BAN B-446357 02/03/2012 1 675.00 English Books
    Dewey Decimal Classification     Non-fiction Sarojini Nagar Sarojini Nagar 02/03/2012 Blueberry Books/7045/29.09.2011/06/15.09.2011/9.11.11 675.00   361.95482 BAN B-446359 02/03/2012 1 675.00 English Books
    Dewey Decimal Classification     Non-fiction Shahdara Branch Shahdara Branch 02/03/2012 Blueberry Books/7045/29.09.2011/06/15.09.2011/9.11.11 675.00 1 361.95482 BAN B-446362 19/02/2024 1 675.00 English Books
    Dewey Decimal Classification     Non-fiction Vinoba Puri Vinoba Puri 02/03/2012 Blueberry Books/7045/29.09.2011/06/15.09.2011/9.11.11 675.00   361.95482 BAN B-446360 02/03/2012 1 675.00 English Books

© Delhi Public Library
Hit Counter
free hit counter